000
00316nam a22001337a 4500
008
210303b ||||| |||| 00| 0 eng d
020
_a
9780618203048
041
_a
eng
080
_2
6th
_a
510
100
_a
36
101
_a
MAT
245
_a
Intermediate Algebra:An Applied Approach
_c
Aufmann,N.R
942
_2
udc
_c
BK
999
_c
55701
_d
55701